| 000 | 00426nam a2200133Ia 4500 | ||
|---|---|---|---|
| 008 | 220216s9999 xx 000 0 und d | ||
| 100 | _aFernando W S E | ||
| 245 | 0 | _aCarbonyl reactive antioxidant for natural rubber | |
| 260 | _bProceedings of the International Rubber Conference, Kuala Lumpur, Malaysia, V.2. 1985; p153-162 | ||
| 650 | _aAntioxidants | ||
| 700 | _aPerera E D I H | ||
| 700 | _aPerera K A R M | ||
| 942 | _cJS | ||
| 999 |
_c55202 _d55202 |
||